000 005880000a22001810004500
003 MACL
005 20160320170423.0
008 160320b xxu||||| |||| 00| 0 eng d
040 _aMACL
_cMACL
041 _aHindi
082 _a070
100 _aवैदिक वेदप्रताप
_947947
245 _aहिंदी पत्रकारिता विविध आयाम
260 _bहिन्‍दी बुक सेन्‍टर
_c1992
_aनई दिल्‍ली
350 _a200
650 _aNews, Media, Journalism
_9338
942 _cHIN
_k070
_2ddc
999 _c21011
_d21011